US States that have voted democratically since 2000 - Statistics

General Stats
  • This quiz has been taken 58 times
    33 since last reset
  • The average score is 13 of 15
Answer Stats
State % Correct
New York
97%
California
93%
Maine
93%
Maryland
93%
Washington
93%
Delaware
90%
New Jersey
90%
Oregon
90%
Vermont
90%
Connecticut
87%
Illinois
87%
Hawaii
83%
Minnesota
83%
Rhode Island
83%
Massachussets
37%
No matching quizzes found
Score Distribution
Percent of People with Each Score
Percentile by Number Answered
Your Score History
You have not taken this quiz since the last reset